| 000 | 00507nam a22001937a 4500 | ||
|---|---|---|---|
| 005 | 20250610130624.0 | ||
| 008 | 250610b |||||||| |||| 00| 0 eng d | ||
| 020 | _a9780230507166 | ||
| 050 |
_aHD69 RAJ _b1 |
||
| 100 | _aRAJEGOPAL, Shan | ||
| 245 |
_aProject portfolio management: _bLeading the corporate vision |
||
| 260 |
_aNew York _bPalgrave _c2007 |
||
| 300 | _axxv,241p | ||
| 500 | _aindex | ||
| 700 | _aMcGuin, Philip | ||
| 700 | _aWaller,James | ||
| 700 | _aMcGuin, Philip | ||
| 942 |
_2lcc _cBK _n0 |
||
| 999 |
_c6391 _d6391 |
||